Statistics for Video Games by Player Title

Click here to take the quiz!

General Stats

  • This quiz has been taken 16 times
  • The average score is 5 of 19

Answer Stats

HintAnswer% Correct
DoomguyDoom
83%
Master ChiefHalo
83%
Dragon-BornSkyrim
83%
Commander ShepardMass Effect
67%
Sole SurvivorFallout 4
50%
The PrincePrince of Persia
42%
Junior DeputyFar Cry 5
25%
The RancherSlime Rancher
25%
Subject DeltaBioshock 2
17%
The HunterBloodborne
17%
The StrangerThe Outer Worlds
17%
Warrior of LightFinal Fantasy XIV
8%
The BossSaint's Row
8%
The Ashen OneDark Souls III
0%
The WardenDragon Age Origins
0%
The ArisenDragon's Dogma
0%
The HeroFable
0%
The Nameless HeroGothic
0%
InspectorPapers Please
0%

Score Distribution

Percentile by Number Answered

Percent of People with Each Score

Your Score History

You have not taken this quiz